000 00298nam a2200121Ia 4500
008 190216s9999||||xx |||||||||||||| ||und||
100 _aMadhu Vij
245 0 _aInternational Financial Management
260 _bHimalaya Publishing House
_c2003
300 _a668p
650 _aManagement
942 _cBK
999 _c6323
_d6323